[Event "Oberfranken-ch M 0607"]
[Site "Schney"]
[Date "2007.01.02"]
[Round "1"]
[White "Bierhahn, Michael"]
[Black "Voigt, Uwe"]
[Result "1-0"]
[WhiteElo "2107"]
[BlackElo "1902"]
[PlyCount "85"]
[EventDate "2007.01.02"]
[EventType "swiss"]
[EventRounds "9"]
[EventCountry "GER"]
[SourceTitle "EXT 2015"]
[Source "ChessBase"]
[SourceDate "2014.11.20"]
[SourceVersion "1"]
[SourceVersionDate "2014.11.20"]
[SourceQuality "1"]

1. f4 d5 2. Nf3 Bg4 3. e3 e6 4. Be2 Bxf3 5. Bxf3 Nf6 6. b3 Bd6 7. Bb2 Nbd7 8. 0-0 0-0 9. Nc3 c6 10. Ne2 e5 11. g3 Re8 12. Kh1 exf4 13. gxf4 Ne4 14. Bxe4 dxe4 15. Rg1 g6 16. Ng3 Kf8 17. Qg4 Nf6 18. Qh3 Kg8 19. Raf1 Bf8 20. f5 Bg7 21. Rf2 g5 22. Bxf6 Bxf6 23. Nh5 h6 24. Qg4 Kh7 25. Ng3 Qe7 26. Qh5 Rad8 27. Rfg2 Rg8 28. Qg4 Rde8 29. Qe2 Rd8 30. Qc4 Rge8 31. a4 Rd5 32. Qe2 Red8 33. Rf2 Qb4 34. c3 Qe7 35. Nf1 Qd7 36. Qg4 Qe7 37. Rgg2 Re5 38. h3 Rd3 39. Nh2 Qd7 40. Qh5 Qe7 41. Ng4 Red5 42. Qxh6+ Kg8 43. Nxf6+ 1-0

[Event "Oberfranken-ch M 0506"]
[Site "Schney"]
[Date "2006.01.06"]
[Round "9"]
[White "Bierhahn, Michael"]
[Black "Geisensetter, Franz"]
[Result "1/2-1/2"]
[WhiteElo "2119"]
[BlackElo "2017"]
[PlyCount "32"]
[EventDate "2006.01.02"]
[EventType "swiss"]
[EventRounds "9"]
[EventCountry "GER"]
[SourceTitle "EXT 2015"]
[Source "ChessBase"]
[SourceDate "2014.11.20"]
[SourceVersion "1"]
[SourceVersionDate "2014.11.20"]
[SourceQuality "1"]

1. d4 Nf6 2. Nf3 e6 3. Bg5 Be7 4. c4 Ne4 5. Bxe7 Qxe7 6. Nbd2 f5 7. Nxe4 fxe4 8. Nd2 d5 9. e3 0-0 10. Be2 c6 11. 0-0 e5 12. cxd5 cxd5 13. Qb3 Be6 14. dxe5 Nc6 15. f4 exf3 16. Nxf3 Bf7 1/2-1/2

[Event "Oberfranken-ch M 0506"]
[Site "Schney"]
[Date "2006.01.04"]
[Round "5"]
[White "Heinkelmann, Josef"]
[Black "Bierhahn, Michael"]
[Result "1/2-1/2"]
[WhiteElo "1885"]
[BlackElo "2119"]
[PlyCount "83"]
[EventDate "2006.01.02"]
[EventType "swiss"]
[EventRounds "9"]
[EventCountry "GER"]
[SourceTitle "EXT 2015"]
[Source "ChessBase"]
[SourceDate "2014.11.20"]
[SourceVersion "1"]
[SourceVersionDate "2014.11.20"]
[SourceQuality "1"]

1. c4 Nf6 2. Nc3 d5 3. cxd5 Nxd5 4. g3 g6 5. Bg2 Nxc3 6. bxc3 Bg7 7. Nf3 0-0 8. 0-0 c6 9. Rb1 Qc7 10. Qb3 Nd7 11. Ba3 Nb6 12. Bc5 Re8 13. d3 h6 14. a4 Nd7 15. Be3 Qa5 16. Rfc1 Nb6 17. Ra1 e5 18. Bd2 Qd5 19. c4 Qe6 20. e4 Nd7 21. Be3 c5 22. a5 Bf8 23. Nd2 Nb8 24. Nb1 Rd8 25. Bf1 Nc6 26. Nc3 Nd4 27. Bxd4 cxd4 28. Nd5 Rb8 29. Rcb1 Bd7 30. Rb2 Bc6 31. Rab1 Kg7 32. Qa2 Bc5 33. Nc7 Qd7 34. Nd5 Qc8 35. Be2 f5 36. Bf3 Rf8 37. Bg2 g5 38. exf5 Qxf5 39. Be4 Qf7 40. Qb3 Rh8 41. Qd1 Ba3 42. Ra2 1/2-1/2

[Event "Oberfranken-ch M 0506"]
[Site "Schney"]
[Date "2006.01.02"]
[Round "1"]
[White "Neuberg, Hans Gerhard"]
[Black "Bierhahn, Michael"]
[Result "1/2-1/2"]
[WhiteElo "1956"]
[BlackElo "2119"]
[PlyCount "144"]
[EventDate "2006.01.02"]
[EventType "swiss"]
[EventRounds "9"]
[EventCountry "GER"]
[SourceTitle "EXT 2015"]
[Source "ChessBase"]
[SourceDate "2014.11.20"]
[SourceVersion "1"]
[SourceVersionDate "2014.11.20"]
[SourceQuality "1"]

1. e4 d6 2. d4 Nf6 3. Bd3 c6 4. Bg5 Qb6 5. Ne2 Qxb2 6. Nbc3 Qb6 7. 0-0 h6 8. Bh4 e5 9. Bxf6 gxf6 10. d5 Nd7 11. Na4 Qc7 12. c4 c5 13. Nac3 a6 14. a4 Be7 15. Ng3 Nf8 16. f4 exf4 17. Rxf4 Ng6 18. Rf2 Ne5 19. Be2 Qa5 20. Qc1 h5 21. Nxh5 Rxh5 22. Bxh5 Nd3 23. Qc2 Nxf2 24. Kxf2 Qb4 25. Ne2 Bd7 26. Qc3 Qxc3 27. Nxc3 f5 28. Re1 0-0-0 29. exf5 Bf6 30. Ne4 Bd4+ 31. Kf3 Bxf5 32. Bxf7 Kc7 33. Ng5 Rd7 34. Be8 Rg7 35. Ne6+ Bxe6 36. Rxe6 Be5 37. h4 Rg3+ 38. Kf2 Rc3 39. h5 Rxc4 40. h6 Rh4 41. g3 Rh2+ 42. Kf3 c4 43. a5 c3 44. Ba4 c2 45. Bxc2 Rxc2 46. g4 b5 47. g5 Kd7 48. g6 Bh8 49. g7 Bxg7 50. hxg7 Rc8 51. Ke4 Rg8 52. Rg6 Ke7 53. Kd4 Kd7 54. Ke4 Ke7 55. Kf5 b4 56. Re6+ Kf7 57. Rxd6 Kxg7 58. Rb6 Rf8+ 59. Ke5 Rf1 60. Rxb4 Ra1 61. Rb7+ Kf8 62. Ke6 Re1+ 63. Kd7 Ra1 64. d6 Rxa5 65. Kc8 Rc5+ 66. Rc7 Rd5 67. Ra7 Rxd6 68. Kc7 Rg6 69. Ra8+ Ke7 70. Ra7 Ke8 71. Kb8 a5 72. Rxa5 Rb6+ 1/2-1/2

[Event "Landesliga Nord 0405"]
[Site "Bayern"]
[Date "2005.04.10"]
[Round "9.8"]
[White "Bierhahn, Michael"]
[Black "Konsek, Peter"]
[Result "1-0"]
[WhiteElo "1910"]
[BlackElo "1995"]
[PlyCount "64"]
[EventDate "2004.10.24"]
[EventType "team-tourn"]
[EventRounds "9"]
[EventCountry "GER"]
[SourceTitle "EXT 2008"]
[Source "ChessBase"]
[SourceDate "2007.11.25"]
[SourceVersion "1"]
[SourceVersionDate "2007.11.25"]
[SourceQuality "1"]
[WhiteTeam "Bindlach II"]
[BlackTeam "Nuernberg Sued SW"]
[WhiteTeamCountry "GER"]
[BlackTeamCountry "GER"]

1. Nf3 Nf6 2. g3 g6 3. Bg2 Bg7 4. c4 0-0 5. 0-0 d6 6. Nc3 e5 7. d3 Nc6 8. a3 Bd7 9. Qc2 Qc8 10. Rd1 a6 11. Bg5 Nh5 12. Qd2 Re8 13. Nd5 f6 14. Bh6 Bh8 15. Rac1 Qd8 16. c5 Be6 17. Nb4 Ne7 18. cxd6 cxd6 19. h3 Nf5 20. Nh2 Nd4 21. Rc3 d5 22. e4 dxe4 23. Bxe4 a5 24. Nc2 Bxh3 25. Nxd4 Qxd4 26. Be3 Qd7 27. Rb3 b5 28. Rc1 Rac8 29. Rxc8 Qxc8 30. Rxb5 a4 31. Rc5 Qd8 32. Bd5+ Kg7 1-0

[Event "Oberfranken-ch M 0405"]
[Site "Schney"]
[Date "2005.01.03"]
[Round "5"]
[White "Bierhahn, Michael"]
[Black "Urytskyy, Arkadiy"]
[Result "0-1"]
[WhiteElo "2124"]
[BlackElo "2205"]
[PlyCount "132"]
[EventDate "2005.01.02"]
[EventType "swiss"]
[EventRounds "9"]
[EventCountry "GER"]
[SourceTitle "EXT 2015"]
[Source "ChessBase"]
[SourceDate "2014.11.20"]
[SourceVersion "1"]
[SourceVersionDate "2014.11.20"]
[SourceQuality "1"]

1. d4 Nf6 2. c4 e6 3. Nc3 Bb4 4. Qc2 c5 5. e3 0-0 6. Bd2 cxd4 7. exd4 Nc6 8. Nf3 d5 9. a3 Bxc3 10. bxc3 b6 11. cxd5 exd5 12. Be2 Re8 13. Be3 Ng4 14. Ng5 g6 15. Bxg4 Bxg4 16. 0-0 Bf5 17. Qc1 Na5 18. Ra2 Rc8 19. Nf3 Qc7 20. Bh6 f6 21. Re1 Qc4 22. Rb2 Kf7 23. Rxe8 Rxe8 24. Be3 Rc8 25. Qa1 Qxc3 26. Bd2 Nb3 27. Bxc3 Nxa1 28. Bd2 Nc2 29. a4 Be4 30. a5 Bxf3 31. gxf3 Rc6 32. axb6 axb6 33. Kg2 Na3 34. Bb4 Nc4 35. Ra2 Rc7 36. Ra8 h5 37. Kg3 Ke6 38. Re8+ Kd7 39. Rf8 Rc6 40. Rf7+ Kc8 41. Be7 f5 42. Kf4 Kb7 43. Bb4+ Ka6 44. Rd7 Nb2 45. Ke3 Kb5 46. Bf8 Kc4 47. h4 b5 48. Rb7 Nd3 49. Rxb5 Kxb5 50. Kxd3 Re6 51. Bg7 Kb4 52. Be5 Kb3 53. Ke3 Kc3 54. Kf4 Kd3 55. Kg5 Ke2 56. f4 Kxf2 57. Bf6 Kf3 58. Be5 Ke4 59. Kh6 Kf3 60. Kg5 Kg3 61. Bf6 Rxf6 62. Kxf6 Kxf4 63. Kxg6 Kg4 64. Kf6 f4 65. Ke5 f3 66. Kxd5 f2 0-1